| 000 | 01766nam a22004455i 4500 | ||
|---|---|---|---|
| 001 | 11475 | ||
| 003 | ES-MaACL | ||
| 005 | 20250803063028.0 | ||
| 007 | t| | ||
| 008 | 920227s1991 sp ||||0| spa j | ||
| 017 |
_aM 36903-1991 _bOficina Depósito Legal Madrid |
||
| 020 | _a84-7100-202-7 | ||
| 040 |
_aM-BN _bspa _cM-BN |
||
| 080 | _a860-31.09"19" | ||
| 080 | _a860(7/8)-31.09"19" | ||
| 080 | _a801.562 | ||
| 100 | 0 |
_aSánchez-Rey López de Pablo, Alfonso _eaut _9102874 |
|
| 245 | 1 | 3 |
_aEl lenguaje literario de la "nueva novela" hispánica / _cAlfonso Sánchez-Rey López de Pablo |
| 260 |
_aMadrid : _bMapfre, _c[1991] |
||
| 300 |
_a368 páginas ; _c23 cm |
||
| 490 | 1 |
_aColección Idioma e Iberoamérica _v1 _9179112 |
|
| 490 | 1 |
_aColecciones MAPFRE 1492 _9241455 |
|
| 500 | _aÍndices | ||
| 500 | _aGlosario | ||
| 504 | _aBibliografía: páginas [349]-350 | ||
| 505 | 0 | _aEl tiempo en la novela; Los diversos modos de contar; La "voz" en la novela; La "nueva" novela hispánica | |
| 530 | _aDisponible en formato digital | ||
| 650 | 1 | 4 |
_aNovela española- _yS.XX- _xHistoria y crítica _915617 |
| 650 | 4 |
_aNovela hispanoamericana- _yS.XX- _xHistoria y crítica _915621 |
|
| 650 | 7 |
_aAnálisis del discurso _2embne _99764 |
|
| 710 | 2 |
_aFundación MAPFRE América _eisb _94363 |
|
| 710 | 2 |
_aFundación MAPFRE _eedt _94362 |
|
| 830 | 0 |
_aColección Idioma e Iberoamérica _v1 _9179112 |
|
| 830 | 0 |
_aColecciones MAPFRE 1492 _9241455 |
|
| 852 |
_aES-MaACL _bR.124189 _cDEPO2 _jL-18800 |
||
| 856 |
_uhttps://www.larramendi.es/es/consulta/registro.do?id=9870 _yVersión en línea _z(Biblioteca Virtual de Polígrafos Ignacio Larramendi) |
||
| 942 |
_2udc _cMONOGRAFIA _n0 |
||
| 999 |
_c11475 _d11475 |
||